A Quiz About Charlie Kirk - Statistics

General Stats
  • This quiz has been taken 329 times
  • The average score is 9 of 16
Answer Stats
Hint Answer % Correct
How many kids did he have? Two
93%
Politician he supported Donald Trump
91%
His wife's name Erika Kirk
91%
Party he belonged to Republican
91%
Who was his Savior? Jesus
84%
Year he was born 1993
80%
Non-profit he founded TPUSA
68%
Year he founded that non-profit 2012
64%
Ideology he belonged to Conservatism
51%
Movement he belonged to MAGA
44%
What rank did he achieve in Boy Scouts? Eagle
28%
What was his middle name? James
28%
His favorite NFL team Chicago Bears
27%
His favorite MLB team Chicago Cubs
26%
What were his debates called? Prove me wrong
14%
His favorite NCAA football team Oregon Ducks
10%
No matching quizzes found
Score Distribution
Percent of People with Each Score
Percentile by Number Answered
Your Score History
You have not taken this quiz